[Event "Ottawa March op"]
[Site "Ottawa CAN"]
[Date "2025.02.28"]
[Round "2.6"]
[White "Jaferian, Koosha"]
[Black "Windram, James"]
[Result "1-0"]
[WhiteElo "2432"]
[BlackElo "2122"]
[WhiteFideId "-1"]
[WhiteFideId "-1"]
[PlyCount "67"]
[GameId "2151405163612670"]
[EventDate "2025.02.28"]
[EventType "swiss"]
[EventRounds "5"]
[EventCountry "CAN"]

1. e4 c5 2. Nc3 Nc6 3. Bb5 Nd4 4. Nf3 Nf6 5. e5 Nxb5 6. Nxb5 Nd5 7. Ng5 e6 8. Ne4 Qh4 9. Qf3 f5 10. exf6 gxf6 11. g3 Qh6 12. d4 Qg6 13. dxc5 a6 14. Nbd6+ Bxd6 15. Nxd6+ Ke7 16. c3 b6 17. c4 Nb4 18. O-O Rb8 19. Be3 Nd3 20. cxb6 Kxd6 21. Rad1 Ke7 22. Rxd3 Bb7 23. Bc5+ Ke8 24. Qe3 Qf5 25. Qd4 Bc6 26. b4 h5 27. a4 Qh3 28. f3 e5 29. Qd6 Kf7 30. b5 Rhg8 31. Qe7+ Kg6 32. bxc6 h4 33. Qxd7 f5 34. Rd6+ 1-0

[Event "Ottawa March op"]
[Site "Ottawa CAN"]
[Date "2025.02.28"]
[Round "2.7"]
[White "Rousskikh, Maxim"]
[Black "Dukic, Zachary"]
[Result "0-1"]
[WhiteElo "2136"]
[BlackElo "2369"]
[WhiteFideId "-1"]
[WhiteFideId "-1"]
[PlyCount "88"]
[GameId "2151405163612672"]
[EventDate "2025.02.28"]
[EventType "swiss"]
[EventRounds "5"]
[EventCountry "CAN"]

1. d4 d6 2. e4 Nf6 3. Nc3 e5 4. Nf3 Nbd7 5. Rg1 c6 6. g4 h6 7. Be3 Be7 8. Qd2 exd4 9. Bxd4 Ne5 10. Nxe5 dxe5 11. Bxe5 Qxd2+ 12. Kxd2 Bc5 13. Bxf6 gxf6 14. Rg2 Be6 15. h3 h5 16. f3 hxg4 17. hxg4 Rh3 18. Bd3 Rxf3 19. Rf1 Rxf1 20. Bxf1 Ke7 21. a3 b5 22. Be2 a5 23. Nd1 Bd4 24. c3 Be5 25. Bd3 Kd6 26. Ne3 Bf4 27. Ke2 Ke5 28. Nf5 b4 29. Nd4 bxc3 30. bxc3 Bd7 31. Bc4 Kxe4 32. Bxf7 Rh8 33. Bg6+ Kd5 34. Kd3 Rh3+ 35. Kc2 c5 36. Bf7+ Kd6 37. Nf5+ Kc7 38. Re2 Be5 39. Ne3 Bc6 40. Kd2 Bf4 41. Re1 Be4 42. Be6 Kd6 43. Bf5 Bxf5 44. gxf5 c4 0-1

[Event "Ottawa March op"]
[Site "Ottawa CAN"]
[Date "2025.02.28"]
[Round "2.9"]
[White "Pelev, Iassen"]
[Black "Moses, Neil"]
[Result "0-1"]
[WhiteElo "2109"]
[BlackElo "2326"]
[WhiteFideId "-1"]
[WhiteFideId "-1"]
[PlyCount "60"]
[GameId "2151405163612677"]
[EventDate "2025.02.28"]
[EventType "swiss"]
[EventRounds "5"]
[EventCountry "CAN"]

1. e4 c5 2. Nf3 e6 3. d4 cxd4 4. Nxd4 a6 5. Bd3 Nf6 6. O-O Qc7 7. Qe2 d6 8. f4 Nbd7 9. Nc3 Qb6 10. Be3 Qxb2 11. Nd1 Qb4 12. Nb3 Qa4 13. c4 Qc6 14. Nf2 h5 15. h3 b6 16. g4 hxg4 17. hxg4 Bb7 18. Nd4 Qc7 19. g5 Nh5 20. g6 Nc5 21. Rfd1 e5 22. fxe5 dxe5 23. gxf7+ Qxf7 24. Nf5 g6 25. Nh4 Be7 26. Ng2 Bc8 27. Bc2 Ng3 28. Qe1 Qf3 29. Rd2 Bh3 30. Nd3 Bxg2 0-1

[Event "Ottawa March op"]
[Site "Ottawa CAN"]
[Date "2025.02.28"]
[Round "2.10"]
[White "Wen, Justin"]
[Black "Liang, Jason"]
[Result "0-1"]
[WhiteElo "1801"]
[BlackElo "2558"]
[WhiteFideId "-1"]
[WhiteFideId "-1"]
[PlyCount "50"]
[GameId "2151405163612669"]
[EventDate "2025.02.28"]
[EventType "swiss"]
[EventRounds "5"]
[EventCountry "CAN"]

1. d4 d5 2. Nc3 Nf6 3. Bf4 e6 4. Nb5 Na6 5. e3 Be7 6. g4 Ne4 7. Qf3 c6 8. Nc3 Qa5 9. Bxa6 Nxc3 10. Bd3 Na4+ 11. Kf1 Nxb2 12. Be2 O-O 13. h4 Qc3 14. h5 Nc4 15. Bxc4 Qxa1+ 16. Kg2 dxc4 17. h6 g6 18. Bd6 Bd8 19. Bxf8 Kxf8 20. Ne2 Qxa2 21. Nf4 Ke8 22. Qe4 Qa5 23. Rh5 gxh5 24. Qxh7 Qg5 25. Qg7 Bf6 0-1

[Event "Ottawa March op"]
[Site "Ottawa CAN"]
[Date "2025.02.28"]
[Round "2.11"]
[White "Lattafi, Youcef"]
[Black "Kot, Emanuel"]
[Result "0-1"]
[WhiteElo "2015"]
[BlackElo "2239"]
[WhiteFideId "-1"]
[WhiteFideId "-1"]
[PlyCount "66"]
[GameId "2151405163612673"]
[EventDate "2025.02.28"]
[EventType "swiss"]
[EventRounds "5"]
[EventCountry "CAN"]

1. e4 e6 2. d4 d5 3. e5 c5 4. Nf3 Nc6 5. c3 Nge7 6. Na3 Bd7 7. Be2 cxd4 8. Nb5 Nf5 9. Nbxd4 Nfxd4 10. cxd4 Bb4+ 11. Kf1 Be7 12. h4 f6 13. a3 fxe5 14. dxe5 Qc7 15. Bf4 a5 16. Rc1 Qb6 17. Qd2 Bc5 18. Rxc5 Qxc5 19. Be3 d4 20. Bf4 O-O-O 21. Bd3 h6 22. h5 Ne7 23. Ke2 Kb8 24. Rc1 Qb6 25. g4 Bb5 26. Ne1 Rc8 27. Rxc8+ Rxc8 28. Bg3 Bxd3+ 29. Nxd3 Qb3 30. Kf1 Rc2 31. Qd1 Nd5 32. Kg1 Ne3 33. Nc5 Qd5 0-1

[Event "Ottawa March op"]
[Site "Ottawa CAN"]
[Date "2025.02.28"]
[Round "2.12"]
[White "Filion, Samuel"]
[Black "Masse, Hugues"]
[Result "0-1"]
[WhiteElo "1897"]
[BlackElo "2172"]
[WhiteFideId "-1"]
[WhiteFideId "-1"]
[PlyCount "118"]
[GameId "2151405163612675"]
[EventDate "2025.02.28"]
[EventType "swiss"]
[EventRounds "5"]
[EventCountry "CAN"]

1. Nf3 Nf6 2. g3 g6 3. b3 Bg7 4. Bb2 O-O 5. Bg2 d6 6. d4 Nbd7 7. O-O e5 8. dxe5 Ng4 9. c4 Ngxe5 10. Nxe5 Nxe5 11. Qc2 Rb8 12. Nd2 Re8 13. Nf3 Bf5 14. Qd2 Nxf3+ 15. Bxf3 Bxb2 16. Qxb2 Be4 17. Bxe4 Rxe4 18. Rad1 Qe7 19. e3 h5 20. Rd4 h4 21. Rxe4 Qxe4 22. Qd4 Qxd4 23. exd4 Re8 24. f4 hxg3 25. hxg3 Re3 26. Kg2 c6 27. Kf2 Rd3 28. Re1 Kf8 29. g4 Rxd4 30. Ke3 c5 31. g5 d5 32. cxd5 Rxd5 33. Rc1 b6 34. a4 Rd4 35. Rc3 Ke7 36. a5 Ke6 37. axb6 axb6 38. Rc4 Kf5 39. Ra4 Rxa4 40. bxa4 Ke6 41. Ke4 f5+ 42. gxf6 Kxf6 43. Kd5 Kf5 44. Kc4 Kxf4 45. Kb5 c4 46. Kxc4 g5 47. Kb5 g4 48. Kxb6 g3 49. a5 g2 50. a6 g1=Q+ 51. Kb7 Qb1+ 52. Ka8 Qe4+ 53. Kb8 Qe8+ 54. Kb7 Qd7+ 55. Kb8 Qb5+ 56. Ka7 Ke5 57. Ka8 Kd6 58. a7 Qc6+ 59. Kb8 Qc7+ 0-1

[Event "Ottawa March op"]
[Site "Ottawa CAN"]
[Date "2025.03.01"]
[Round "3.1"]
[White "Rodrigue-Lemieux, Shawn"]
[Black "Jaferian, Koosha"]
[Result "1-0"]
[WhiteElo "2616"]
[BlackElo "2432"]
[WhiteFideId "-1"]
[WhiteFideId "-1"]
[PlyCount "91"]
[GameId "2151397454475613"]
[EventDate "2025.02.28"]
[EventType "swiss"]
[EventRounds "5"]
[EventCountry "CAN"]

1. e4 {[%emt 0:04:28]} e5 2. Nf3 Nc6 3. Bc4 Nf6 4. d3 Bc5 5. O-O a6 6. c3 d6 7. Re1 h6 8. Bb3 Ba7 9. a4 O-O 10. h3 Re8 11. a5 Be6 12. Bxe6 Rxe6 13. c4 Nd4 14. Nc3 c6 15. Be3 Nxf3+ 16. Qxf3 Bxe3 17. Rxe3 Qd7 18. Na4 Rd8 19. b4 Qe8 20. Qe2 Re7 21. Re1 Nd7 22. Nc3 Nf8 23. Qb2 Ne6 24. Ne2 Qd7 25. d4 Nxd4 26. Nxd4 exd4 27. Qxd4 Rde8 28. Rd1 Qc7 29. Qxd6 Qxd6 30. Rxd6 Rxe4 31. Rd7 Rxe3 32. fxe3 c5 33. bxc5 Rc8 {[%emt 0:00:25]} 34. Rd5 {[%emt 0:00:29]} Kf8 {[%emt 0:00:11]} 35. Kf2 {[%emt 0:00:19]} Ke7 {[%emt 0:00:08]} 36. e4 {[%emt 0:00:49]} f6 {[%emt 0:01:10]} 37. Ke3 {[%emt 0:00:44]} Rc6 {[%emt 0:02:43]} 38. Kd4 {[%emt 0:00:24]} Ke6 {[%emt 0:00:53]} 39. Rd8 {[%emt 0:01:13]} Rc7 {[%emt 0:02:43]} 40. Rd6+ {[%emt 0:00:09]} Ke7 {[%emt 0:00:07]} 41. Kd5 {[%emt 0:00:56]} Rd7 {[%emt 0:01:58]} 42. h4 {[%emt 0:00:33]} h5 {[%emt 0:01:46]} 43. g3 {[%emt 0:00:55]} g5 {[%emt 0:01:40]} 44. e5 {[%emt 0:01:22]} fxe5 {[%emt 0:00:18]} 45. Rxd7+ {[%emt 0:00:08]} Kxd7 {[%emt 0:00:11]} 46. hxg5 {[%emt 0:00:20]} 1-0

[Event "Ottawa March op"]
[Site "Ottawa CAN"]
[Date "2025.03.01"]
[Round "3.2"]
[White "Sai, Krishna GV"]
[Black "Dukic, Zachary"]
[Result "1-0"]
[WhiteElo "2491"]
[BlackElo "2369"]
[WhiteFideId "-1"]
[WhiteFideId "-1"]
[PlyCount "79"]
[GameId "2151397454475614"]
[EventDate "2025.02.28"]
[EventType "swiss"]
[EventRounds "5"]
[EventCountry "CAN"]

1. e4 {[%emt 0:00:39]} d6 {[%emt 0:00:06]} 2. d4 {[%emt 0:00:05]} Nf6 {[%emt 0:00:05]} 3. Nc3 {[%emt 0:00:07]} e5 {[%emt 0:00:03]} 4. Nf3 {[%emt 0:00:05]} Nbd7 {[%emt 0:00:05]} 5. Rg1 {[%emt 0:00:02]} c6 {[%emt 0:00:07]} 6. g4 {[%emt 0:00:06]} h6 {[%emt 0:00:05]} 7. h4 {[%emt 0:03:55]} exd4 {[%emt 0:00:09]} 8. Qxd4 {[%emt 1:15:48]} Qb6 9. Qxb6 axb6 10. g5 hxg5 11. hxg5 Nh5 12. Be3 g6 13. O-O-O Ke7 14. Nd4 b5 15. a3 Ne5 16. Ndxb5 {[%emt 0:02:57]} Bg4 {[%emt 0:08:06]} 17. Rxd6 {[%emt 0:01:37]} cxb5 {[%emt 0:01:24]} 18. Rd5 {[%emt 0:02:35]} Be6 {[%emt 0:13:58]} 19. Rxe5 {[%emt 0:03:43]} b4 {[%emt 0:01:05]} 20. axb4 {[%emt 0:00:53]} Ra1+ {[%emt 0:00:33]} 21. Kd2 {[%emt 0:00:37]} Bg7 {[%emt 0:01:59]} 22. Bc5+ {[%emt 0:08:28]} Kd8 {[%emt 0:00:17]} 23. Bb6+ {[%emt 0:00:06]} Ke7 {[%emt 0:02:31]} 24. Ra5 {[%emt 0:15:18]} Rxa5 25. bxa5 Nf4 26. Bc5+ {[%emt 0:05:44]} Kd8 {[%emt 0:00:25]} 27. Ne2 {[%emt 0:03:34]} Nh3 {[%emt 0:01:41]} 28. Bxh3 {[%emt 0:00:50]} Bxh3 {[%emt 0:01:27]} 29. Bd4 {[%emt 0:00:35]} Bxd4 {[%emt 0:00:36]} 30. Nxd4 {[%emt 0:00:04]} Bd7 {[%emt 0:00:20]} 31. b4 {[%emt 0:00:15]} Kc7 {[%emt 0:00:34]} 32. Rg3 {[%emt 0:01:24]} Rh2 {[%emt 0:00:35]} 33. Ke3 {[%emt 0:00:25]} Rh1 {[%emt 0:01:22]} 34. Rf3 {[%emt 0:00:33]} Be8 {[%emt 0:00:10]} 35. Rf6 {[%emt 0:00:13]} Ra1 {[%emt 0:00:41]} 36. Kd3 {[%emt 0:00:23]} Rd1+ {[%emt 0:01:16]} 37. Kc4 {[%emt 0:00:22]} Re1 {[%emt 0:00:09]} 38. f3 {[%emt 0:00:18]} Re3 {[%emt 0:00:17]} 39. Nb5+ Kd8 40. Nd6 1-0

[Event "Ottawa March op"]
[Site "Ottawa CAN"]
[Date "2025.02.28"]
[Round "3.3"]
[White "Moses, Neil"]
[Black "Han, Johnathan"]
[Result "0-1"]
[WhiteElo "2326"]
[BlackElo "2476"]
[WhiteFideId "-1"]
[WhiteFideId "-1"]
[PlyCount "120"]
[GameId "2151397454549345"]
[EventDate "2025.02.28"]
[EventType "swiss"]
[EventRounds "5"]
[EventCountry "CAN"]

1. e4 c5 2. Nf3 d6 3. Bb5+ Nd7 4. d4 cxd4 5. Qxd4 a6 6. Bxd7+ Bxd7 7. c4 Rc8 8. Nc3 e5 9. Qd3 h6 10. b3 Nf6 11. O-O Be7 12. a4 O-O 13. Ba3 Be6 14. Rfd1 Qa5 15. Qd2 Kh8 16. Nd5 Qxd2 17. Nxd2 Bxd5 18. exd5 b6 19. Re1 Rfe8 20. Ne4 Nxe4 21. Rxe4 f5 22. Re2 g5 23. Bb4 Rb8 24. f3 h5 25. h3 h4 26. Kf2 Kg8 27. Ke3 Kf7 28. Kd3 Rg8 29. Kc2 a5 30. Ba3 Ke8 31. b4 axb4 32. Bxb4 Kd7 33. Be1 g4 34. fxg4 fxg4 35. Rb1 gxh3 36. gxh3 Rbc8 37. Re4 Rg2+ 38. Kd1 Bd8 39. a5 bxa5 40. Rb7+ Rc7 41. Rxc7+ Bxc7 42. Rxh4 Ra2 43. Bc3 a4 44. Rh7+ Kc8 45. Kc1 a3 46. Bb4 Ra1+ 47. Kc2 a2 48. Rh8+ Kb7 49. Bc3 Rh1 50. c5 dxc5 51. Rh7 Kc8 52. Rh6 a1=Q 53. Bxa1 Rxa1 54. Rc6 Kd7 55. Rxc5 Ra3 56. h4 Ra4 57. h5 Rh4 58. Kd3 Rxh5 59. Rc6 Rh4 60. Ke3 Rd4 0-1

[Event "Ottawa March op"]
[Site "Ottawa CAN"]
[Date "2025.02.28"]
[Round "3.4"]
[White "Chiku-Ratte, Olivier-Kenta"]
[Black "Gavrilin, Roman"]
[Result "1-0"]
[WhiteElo "2452"]
[BlackElo "2341"]
[WhiteFideId "-1"]
[WhiteFideId "-1"]
[PlyCount "73"]
[GameId "2151397454541152"]
[EventDate "2025.02.28"]
[EventType "swiss"]
[EventRounds "5"]
[EventCountry "CAN"]

1. d4 Nf6 2. Nf3 e6 3. e3 b6 4. Bd3 Bb7 5. O-O c5 6. Nbd2 cxd4 7. exd4 Be7 8. c3 O-O 9. Qe2 d6 10. Ng5 Qc8 11. Nde4 Nxe4 12. Bxe4 Bxg5 13. Bxg5 Bxe4 14. Qxe4 Qc6 15. d5 Qb7 16. Qg4 f5 17. Qb4 h6 18. Be3 e5 19. Qxd6 f4 20. Bd2 Nd7 21. Qc6 Qxc6 22. dxc6 Nb8 23. c7 Nc6 24. c4 Rac8 25. Bc3 Rxc7 26. Rad1 Rf6 27. f3 Re6 28. Rfe1 Kf7 29. Re4 g5 30. Kf2 h5 31. Rd5 Kg6 32. b4 a5 33. b5 Ne7 34. Rdxe5 Rxe5 35. Bxe5 Rc8 36. Bd4 Rxc4 37. Bxb6 1-0

[Event "Ottawa March op"]
[Site "Ottawa CAN"]
[Date "2025.02.28"]
[Round "3.9"]
[White "Ramesan, Raunak Amit"]
[Black "Clyde, Jordan"]
[Result "1/2-1/2"]
[WhiteElo "2032"]
[BlackElo "2299"]
[WhiteFideId "-1"]
[WhiteFideId "-1"]
[PlyCount "111"]
[GameId "2151397454541151"]
[EventDate "2025.02.28"]
[EventType "swiss"]
[EventRounds "5"]
[EventCountry "CAN"]

1. e4 b6 2. d4 Bb7 3. Bd3 e6 4. Nf3 d5 5. e5 Ba6 6. h4 Bxd3 7. Qxd3 h5 8. O-O Nh6 9. Bxh6 Rxh6 10. Ng5 Be7 11. f4 g6 12. a4 c5 13. c3 Nc6 14. Kh2 Rh8 15. Nd2 Qd7 16. Qe3 cxd4 17. cxd4 Bb4 18. Nb3 Ne7 19. g3 Nf5 20. Qd3 a5 21. Nc1 Rc8 22. Ne2 Ke7 23. b3 Rc6 24. Rfc1 Rhc8 25. Rxc6 Rxc6 26. Rc1 Nh6 27. Rxc6 Qxc6 28. Kg2 Kf8 29. Nf3 Nf5 30. Kf2 Kg7 31. Nh2 Ba3 32. Nf1 Bc1 33. Kf3 Kg8 34. Kf2 Kf8 35. Kf3 Ke7 36. Kf2 Kd8 37. Kf3 Kc7 38. Kf2 Kb7 39. Kf3 Bb2 40. Ne3 Ng7 41. Nd1 Ba3 42. Ndc3 Nf5 43. Nd1 Bc1 44. Ndc3 Ba3 45. Nd1 Bb4 46. Ne3 Nh6 47. Kf2 Ba3 48. Kf3 Bb4 49. Kf2 Qd7 50. Nc1 b5 51. axb5 Kb6 52. Qc2 Kxb5 53. Nd3 Qc6 54. Qxc6+ Kxc6 55. Nxb4+ axb4 56. Ke2 1/2-1/2

[Event "Ottawa March op"]
[Site "Ottawa CAN"]
[Date "2025.02.28"]
[Round "3.10"]
[White "Knechtel, Thomas"]
[Black "Joseph, Jonath"]
[Result "0-1"]
[WhiteElo "1940"]
[BlackElo "2214"]
[WhiteFideId "-1"]
[WhiteFideId "-1"]
[PlyCount "66"]
[GameId "2151686714721312"]
[EventDate "2025.02.28"]
[EventType "swiss"]
[EventRounds "5"]
[EventCountry "CAN"]

1. e4 e5 2. Nf3 Nc6 3. Bb5 a6 4. Ba4 Nf6 5. O-O d6 6. c3 Bd7 7. Re1 g6 8. d4 Bg7 9. d5 Ne7 10. c4 b5 11. Bc2 bxc4 12. Nbd2 O-O 13. Nxc4 h6 14. g3 g5 15. h4 g4 16. Nh2 h5 17. Bg5 Nh7 18. Bxe7 Qxe7 19. f3 Nf6 20. Ne3 gxf3 21. Qxf3 Kh8 22. Nf5 Bxf5 23. Qxf5 Rg8 24. Rf1 Rab8 25. b3 Rb5 26. Bd1 Rc5 27. Bxh5 Rc3 28. Kg2 Re3 29. Rae1 Rc3 30. Nf3 Bh6 31. g4 Bf4 32. g5 Nxh5 33. Kh3 Qe8 0-1

[Event "Ottawa March op"]
[Site "Ottawa CAN"]
[Date "2025.03.02"]
[Round "4.1"]
[White "Han, Johnathan"]
[Black "Rodrigue-Lemieux, Shawn"]
[Result "1-0"]
[WhiteElo "2476"]
[BlackElo "2616"]
[WhiteFideId "-1"]
[WhiteFideId "-1"]
[PlyCount "101"]
[GameId "2151684103138107"]
[EventDate "2025.02.28"]
[EventType "swiss"]
[EventRounds "5"]
[EventCountry "CAN"]

1. e4 {[%emt 0:00:01]} c5 {[%emt 0:00:09]} 2. Nf3 {[%emt 0:00:18]} Nc6 {[%emt 0:00:45]} 3. d4 {[%emt 0:02:20]} cxd4 {[%emt 0:00:10]} 4. Nxd4 {[%emt 0:00:08]} e6 {[%emt 0:00:08]} 5. Nc3 {[%emt 0:01:22]} Bc5 {[%emt 0:00:09]} 6. Ndb5 {[%emt 0:04:46]} Nf6 {[%emt 0:00:17]} 7. Bf4 {[%emt 0:00:28]} O-O {[%emt 0:00:14]} 8. Bc7 {[%emt 0:00:20]} Qe7 {[%emt 0:00:10]} 9. Bd6 {[%emt 0:00:08]} Bxd6 {[%emt 0:00:09]} 10. Qxd6 {[%emt 0:00:07]} Qd8 {[%emt 0:00:13]} 11. O-O-O {[%emt 0:00:41]} a6 {[%emt 0:00:47]} 12. Nd4 {[%emt 0:00:08]} Ne7 {[%emt 0:00:22]} 13. a4 {[%emt 0:04:27]} b5 {[%emt 0:02:34]} 14. axb5 {[%emt 0:00:34]} axb5 {[%emt 0:00:05]} 15. Bxb5 {[%emt 0:00:11]} Bb7 {[%emt 0:02:39]} 16. f3 {[%emt 0:00:27]} Nc8 {[%emt 0:02:50]} 17. Qc5 {[%emt 0:01:31]} d6 {[%emt 0:12:44]} 18. Qb4 {[%emt 0:00:23]} Qb6 {[%emt 0:14:17]} 19. Nb3 {[%emt 0:13:09]} Rd8 {[%emt 0:23:18]} 20. Rd3 {[%emt 0:06:55]} Na7 {[%emt 0:04:40]} 21. Qd4 {[%emt 0:03:57]} Qc7 {[%emt 0:01:07]} 22. Rhd1 {[%emt 0:12:08]} Rdc8 23. R3d2 d5 {[%emt 0:03:35]} 24. e5 {[%emt 0:04:01]} Nd7 {[%emt 0:04:26]} 25. Bxd7 {[%emt 0:00:58]} Qxd7 {[%emt 0:00:05]} 26. Qe3 {[%emt 0:04:04]} Nc6 {[%emt 0:12:38]} 27. f4 {[%emt 0:04:43]} Ba6 {[%emt 0:09:25]} 28. Rf2 {[%emt 0:10:54]} Bc4 {[%emt 0:01:15]} 29. Nd4 {[%emt 0:00:38]} Qa7 {[%emt 0:00:51]} 30. Rf3 {[%emt 0:06:22]} Qa1+ {[%emt 0:04:45]} 31. Kd2 {[%emt 0:00:15]} Qxb2 {[%emt 0:00:11]} 32. Rb1 {[%emt 0:04:18]} Qa3 33. f5 Nxd4 {[%emt 0:02:27]} 34. Qxd4 {[%emt 0:00:08]} exf5 {[%emt 0:02:02]} 35. e6 {[%emt 0:01:31]} Qe7 {[%emt 0:00:11]} 36. exf7+ {[%emt 0:01:14]} Qxf7 {[%emt 0:00:05]} 37. g4 {[%emt 0:00:54]} Qc7 {[%emt 0:00:09]} 38. gxf5 {[%emt 0:02:38]} Qxh2+ {[%emt 0:00:05]} 39. Rf2 {[%emt 0:00:06]} Qh6+ {[%emt 0:00:09]} 40. Rf4 {[%emt 0:01:59]} Rf8 {[%emt 0:01:31]} 41. Rb7 {[%emt 0:01:08]} Kh8 {[%emt 0:00:48]} 42. Rb6 {[%emt 0:02:08]} Qg5 {[%emt 0:00:52]} 43. f6 {[%emt 0:00:21]} Kg8 {[%emt 0:02:13]} 44. Nd1 {[%emt 0:01:24]} Qg2+ {[%emt 0:02:12]} 45. Rf2 {[%emt 0:00:22]} Qg5+ {[%emt 0:00:03]} 46. Ne3 {[%emt 0:00:18]} Rf7 {[%emt 0:00:49]} 47. Rg2 {[%emt 0:00:40]} Qh5 {[%emt 0:00:15]} 48. Qf4 {[%emt 0:00:57]} Raf8 {[%emt 0:01:11]} 49. Nf5 {[%emt 0:00:29]} d4 {[%emt 0:00:41]} 50. Nh6+ {[%emt 0:00:20]} Kh8 51. fxg7+ {[%emt 0:00:06]} 1-0

[Event "Ottawa March op"]
[Site "Ottawa CAN"]
[Date "2025.03.02"]
[Round "4.2"]
[White "Chiku-Ratte, Olivier-Kenta"]
[Black "Sai, Krishna GV"]
[Result "0-1"]
[WhiteElo "2434"]
[BlackElo "2491"]
[WhiteFideId "-1"]
[WhiteFideId "-1"]
[PlyCount "76"]
[GameId "2151684103764796"]
[EventDate "2025.02.28"]
[EventType "swiss"]
[EventRounds "5"]
[EventCountry "CAN"]

1. d4 {[%emt 0:04:06]} Nf6 {[%emt 0:00:03]} 2. Nf3 {[%emt 0:02:20]} g6 {[%emt 0:00:03]} 3. b3 {[%emt 0:03:46]} Bg7 {[%emt 0:00:13]} 4. Bb2 {[%emt 0:00:04]} O-O {[%emt 0:00:49]} 5. g3 {[%emt 0:00:12]} c5 {[%emt 0:06:51]} 6. dxc5 {[%emt 0:01:20]} Qa5+ {[%emt 0:02:04]} 7. c3 {[%emt 0:19:19]} Qxc5 {[%emt 0:00:07]} 8. Bg2 {[%emt 0:00:11]} Nc6 {[%emt 0:03:57]} 9. O-O {[%emt 0:02:51]} Qh5 {[%emt 0:08:45]} 10. c4 d5 {[%emt 0:19:48]} 11. cxd5 {[%emt 0:16:39]} Rd8 12. Nc3 {[%emt 0:05:07]} Nxd5 {[%emt 0:06:38]} 13. Qc1 {[%emt 0:04:56]} Bh6 {[%emt 0:12:06]} 14. Qe1 Nf6 {[%emt 0:05:38]} 15. Na4 {[%emt 0:05:09]} e5 {[%emt 0:06:56]} 16. Nc5 {[%emt 0:12:05]} Rd5 {[%emt 0:06:25]} 17. b4 {[%emt 0:07:46]} Bh3 {[%emt 0:02:45]} 18. Rd1 {[%emt 0:03:58]} Re8 {[%emt 0:10:41]} 19. Ne4 {[%emt 0:01:20]} Nxe4 {[%emt 0:01:51]} 20. Rxd5 {[%emt 0:00:07]} Nf6 {[%emt 0:01:02]} 21. Rd6 {[%emt 0:03:03]} Ng4 {[%emt 0:04:38]} 22. b5 Bxg2 23. Kxg2 e4 24. Nh4 {[%emt 0:00:16]} Qxb5 {[%emt 0:00:24]} 25. Qc3 {[%emt 0:01:22]} Nge5 {[%emt 0:00:04]} 26. Qb3 {[%emt 0:01:18]} Qxe2 {[%emt 0:01:03]} 27. Bxe5 {[%emt 0:00:34]} Nxe5 {[%emt 0:00:12]} 28. Nf5 {[%emt 0:00:40]} Qf3+ {[%emt 0:02:25]} 29. Qxf3 {[%emt 0:00:15]} exf3+ {[%emt 0:00:06]} 30. Kg1 {[%emt 0:00:36]} Bf8 {[%emt 0:00:11]} 31. Rf6 {[%emt 0:00:39]} gxf5 {[%emt 0:01:58]} 32. Rxf5 {[%emt 0:00:01]} Bc5 {[%emt 0:00:57]} 33. h3 {[%emt 0:00:54]} Nd3 {[%emt 0:01:23]} 34. Rd5 {[%emt 0:00:31]} Bxf2+ {[%emt 0:00:21]} 35. Kh2 {[%emt 0:00:31]} Re1 {[%emt 0:00:11]} 36. Rd8+ {[%emt 0:00:29]} Kg7 {[%emt 0:00:03]} 37. Rxd3 {[%emt 0:00:31]} Rxf1 {[%emt 0:00:05]} 38. Rxf3 {[%emt 0:00:29]} Bg1+ {[%emt 0:00:06]} 0-1

[Event "Ottawa March op"]
[Site "Ottawa CAN"]
[Date "2025.03.02"]
[Round "4.4"]
[White "Sambuev, Bator"]
[Black "Joseph, Jonath"]
[Result "1-0"]
[WhiteElo "2510"]
[BlackElo "2214"]
[WhiteFideId "-1"]
[WhiteFideId "-1"]
[PlyCount "97"]
[GameId "2151684104158021"]
[EventDate "2025.02.28"]
[EventType "swiss"]
[EventRounds "5"]
[EventCountry "CAN"]

1. Nf3 Nf6 2. c4 b6 3. g3 Bb7 4. Bg2 e6 5. O-O Be7 6. Nc3 O-O 7. d4 Ne4 8. Bd2 d6 9. Ne1 Nxc3 10. Bxc3 Bxg2 11. Nxg2 Nd7 12. e4 e5 13. d5 Nc5 14. Qc2 a5 15. Ne3 Re8 16. h4 Qd7 17. Kg2 Bf6 18. f3 h5 19. Nd1 Qe7 20. Bd2 g6 21. Rh1 Kh7 22. Be3 Qd7 23. Nf2 Bg7 24. g4 Rf8 25. Rag1 Bh6 26. Bxh6 Kxh6 27. Qd2+ Kh7 28. Kf1 Qa4 29. gxh5 Qxc4+ 30. Ke1 Qb4 31. Rg5 Rg8 32. Ng4 Nd7 33. hxg6+ Rxg6 34. Rf5 Rf8 35. a3 Qxd2+ 36. Kxd2 Kg8 37. h5 Rg7 38. h6 Rg6 39. b4 axb4 40. axb4 f6 41. Ra1 Kf7 42. Ra7 Rc8 43. Kd3 Rg5 44. Rxg5 fxg5 45. Ne3 b5 46. Nf5 Kf6 47. Nxd6 cxd6 48. Rxd7 Rc4 49. h7 1-0

[Event "Ottawa March op"]
[Site "Ottawa CAN"]
[Date "2025.03.02"]
[Round "4.5"]
[White "Jaferian, Koosha"]
[Black "Lane, Ryan"]
[Result "1-0"]
[WhiteElo "2432"]
[BlackElo "2204"]
[WhiteFideId "-1"]
[WhiteFideId "-1"]
[PlyCount "91"]
[GameId "2151684104158017"]
[EventDate "2025.02.28"]
[EventType "swiss"]
[EventRounds "5"]
[EventCountry "CAN"]

1. e4 e5 2. Nf3 Nc6 3. d4 exd4 4. Nxd4 Bc5 5. Nb3 Bb6 6. Nc3 Nf6 7. Qe2 O-O 8. Bg5 Nd4 9. Qd2 Nxb3 10. axb3 Re8 11. O-O-O h6 12. h4 c6 13. Kb1 d5 14. Bxf6 Qxf6 15. exd5 Qxf2 16. Bc4 Qxd2 17. Rxd2 Bg4 18. dxc6 bxc6 19. Rf1 Be6 20. Rd6 Bxc4 21. bxc4 Rac8 22. Rd7 Rc7 23. Rfxf7 Rxd7 24. Rxd7 Rd8 25. Rxd8+ Bxd8 26. h5 Kf7 27. b4 Kf6 28. c5 Ke5 29. Kb2 a5 30. Kb3 axb4 31. Kxb4 Kf4 32. Kc4 Kg4 33. Na2 Kxh5 34. Nb4 Kg6 35. Nxc6 Bc7 36. Nd4 Kf6 37. Kd5 g5 38. Nb5 Bf4 39. Nd6 Be3 40. c6 Bb6 41. c7 Bxc7 42. Ne8+ Ke7 43. Nxc7 h5 44. Ne6 g4 45. Ng7 h4 46. Nf5+ 1-0

[Event "Ottawa March op"]
[Site "Ottawa CAN"]
[Date "2025.03.02"]
[Round "4.6"]
[White "Dukic, Zachary"]
[Black "Windram, James"]
[Result "1/2-1/2"]
[WhiteElo "2369"]
[BlackElo "2122"]
[WhiteFideId "-1"]
[WhiteFideId "-1"]
[PlyCount "63"]
[GameId "2151684104158015"]
[EventDate "2025.02.28"]
[EventType "swiss"]
[EventRounds "5"]
[EventCountry "CAN"]

1. e4 c5 2. Nf3 d6 3. d4 cxd4 4. Nxd4 Nf6 5. Nc3 Nc6 6. Bg5 Bd7 7. Qd2 Rc8 8. f4 Nxd4 9. Qxd4 Qa5 10. e5 dxe5 11. fxe5 e6 12. O-O-O Bc6 13. Bxf6 gxf6 14. exf6 Bh6+ 15. Kb1 Rd8 16. Qxd8+ Qxd8 17. Rxd8+ Kxd8 18. Bb5 Bxg2 19. Rg1 Bf3 20. Rg3 Bh1 21. Bd3 Bc6 22. b4 Bf4 23. Rg7 Be5 24. b5 Bf3 25. Be4 Bh5 26. Rg5 Bxc3 27. Rxh5 b6 28. Rh6 Kd7 29. Bf3 Kd6 30. Be4 Kc5 31. Rxh7 Rxh7 32. Bxh7 1/2-1/2